• 首页
  • 本馆介绍
  • 公告通知
  • 最新文献
  • 馆藏检索
  • 电子资源
  • 读者荐购
  • 参考咨询
  • CALIS
  • 我的图书馆
  • 登录
  • 详细信息显示
  • 放入我的书架
  • 预约/预借图书
  • 作者相关作品
  • 分类相关作品
  • 丛书相关作品
  • 出版社相关作品

书目信息

  • 表格格式
  • 工作单格式
  • 卡片格式
题名:
电路实验
    
 
作者: 刘晓春 , 方向东 编
分册:  
出版信息: 长沙   湖南大学出版社  2001.09
页数: 171页
开本: 26cm
丛书名:
单 册:
中图分类: TM133-33
科图分类:
主题词: 电路分析--dian lu fen xi--实验--高等学校--教材
电子资源:
ISBN: 7-81053-424-6
 
 
 
 
 
000 00818nam0 2200229 450
001 012006353221
005 20070531091852.96
010    @a7-81053-424-6@dCNY16.00
100    @a20061225d2001 km y0chiy0120 ea
101 0  @achi
102    @aCN@b430000
105    @aa z 000yy
200 1  @a电路实验@Adian lu shi yan@f刘晓春, 方向东@Fliu xiao chun,fang xiang dong
210    @a长沙@c湖南大学出版社@d2001.09
215    @a171页@c图@d26cm
330    @a本书编入20个实验,主要内容有:电工仪表测量误差的处理方法,常用电工仪表的使用,元件伏安特性的测量,元件特性的图示,日光灯电路的研究等。
606 0  @a电路分析@Adian lu fen xi@x实验@x高等学校@j教材
690    @aTM133-33@v4
701  0 @a刘晓春@Aliu xiao chun@4编
701  0 @a方向东@Afang xiang dong@4编
801  0 @aCN@c20070531
905    @b233378-80@dTM133-33@eL690
    
    电路实验/刘晓春, 方向东.-长沙:湖南大学出版社,2001.09
    171页:图;26cm
    
    
    ISBN 7-81053-424-6:CNY16.00
    本书编入20个实验,主要内容有:电工仪表测量误差的处理方法,常用电工仪表的使用,元件伏安特性的测量,元件特性的图示,日光灯电路的研究等。
●
相关链接 在E读中查询图书 在当当中查询图书 在豆瓣中查询图书


正题名:电路实验     索取号:TM133-33/L690         预约/预借

序号 登录号 条形码 馆藏地/架位号 状态 备注
1 233378   202333787   自科二线404/404自科库 18排4列1层/ [索取号:TM133-33/L690] 在馆    
2 233379   202333796   自科库301/301自科库 9排3列5层/ [索取号:TM133-33/L690] 在馆    
3 233380   202333803   自科库301/301自科库 9排3列5层/ [索取号:TM133-33/L690] 在馆    
河南城建学院图书馆 欢迎您!
大连网信软件有限公司© 版权所有